书目信息 |
| 题名: |
铣工初级技能
|
|
| 作者: | 何建民 主编 ;寇立平 , 何婧 , 陈金金 编著 | |
| 分册: | ||
| 出版信息: | 北京 金盾出版社 2014 |
|
| 页数: | 324页 | |
| 开本: | 24cm | |
| 丛书名: | ||
| 单 册: | ||
| 中图分类: | TG54 | |
| 科图分类: | ||
| 主题词: | 铣削--基本知识 , 铣削 | |
| 电子资源: | ||
| ISBN: | 978-7-5082-8869-7 | |
| 000 | 00951nam0 2200277 450 | |
| 001 | 2332401530 | |
| 005 | 20231130090020.41 | |
| 010 | @a978-7-5082-8869-7@dCNY52.00 | |
| 090 | @aTG54@bhjm | |
| 100 | @a20140429d2014 em y0chiy50 ea | |
| 101 | 0 | @achi |
| 102 | @aCN@b110000 | |
| 105 | @aa z 000yy | |
| 200 | 1 | @a铣工初级技能@Axi gong chu ji ji neng@f何建民主编@g寇立平,何婧,陈金金编著 |
| 210 | @a北京@c金盾出版社@d2014 | |
| 215 | @a324页@c图@d24cm | |
| 330 | @a本书内容有:铣工基础知识,工艺系统和工艺准备常识,铣工计算资料和技术测量,平面和矩形、斜面和台阶、沟槽类各工件的铣削技术,万能分度头及其应用,机械加工基础知识,钳工基础知识。 | |
| 606 | 0 | @a铣削@x基本知识 |
| 606 | 0 | @a铣削 |
| 690 | @aTG54@v5 | |
| 701 | 0 | @a何建民@Ahe jian min@c(金属加工)@4主编 |
| 702 | 0 | @a寇立平@Akou li ping@4编著 |
| 702 | 0 | @a何婧@Ahe jing@4编著 |
| 702 | 0 | @a陈金金@Achen jin jin@4编著 |
| 801 | 0 | @aCN@b山东中教@c20231126 |
| 905 | @aBZT@dTG54@e3 | |
| 铣工初级技能/何建民主编/寇立平,何婧,陈金金编著.-北京:金盾出版社,2014 |
| 324页:图;24cm |
| ISBN 978-7-5082-8869-7:CNY52.00 |
| 本书内容有:铣工基础知识,工艺系统和工艺准备常识,铣工计算资料和技术测量,平面和矩形、斜面和台阶、沟槽类各工件的铣削技术,万能分度头及其应用,机械加工基础知识,钳工基础知识。 |
| ● |
| 相关链接 |
|
|
|
正题名:铣工初级技能
索取号:TG54/3
 
预约/预借
| 序号 | 登录号 | 条形码 | 馆藏地/架位号 | 状态 | 备注 |
| 1 | 2001151502 | 2001151502 | 中教(第二批第二书库)/山东中教(第二书库)/2684/ [索取号:TG54/3] | 在馆 | |
| 2 | 2001151503 | 2001151503 | 中教(第二批第二书库)/山东中教(第二书库)/2684/ [索取号:TG54/3] | 在馆 | |
| 3 | 2001151504 | 2001151504 | 中教(第二批第二书库)/山东中教(第二书库)/2684/ [索取号:TG54/3] | 在馆 | |
| 4 | 2001151505 | 2001151505 | 中教(第二批第二书库)/山东中教(第二书库)/2684/ [索取号:TG54/3] | 在馆 | |
| 5 | 2001151506 | 2001151506 | 中教(第二批第二书库)/山东中教(第二书库)/2684/ [索取号:TG54/3] | 在馆 | |
| 6 | 2001151507 | 2001151507 | 中教(第二批第二书库)/山东中教(第二书库)/2684/ [索取号:TG54/3] | 在馆 | |
| 7 | 2001151508 | 2001151508 | 中教(第二批第二书库)/山东中教(第二书库)/2684/ [索取号:TG54/3] | 在馆 | |
| 8 | 2001151509 | 2001151509 | 中教(第二批第二书库)/山东中教(第二书库)/2684/ [索取号:TG54/3] | 在馆 | |
| 9 | 2001151510 | 2001151510 | 中教(第二批第二书库)/山东中教(第二书库)/2684/ [索取号:TG54/3] | 在馆 | |
| 10 | 2001151511 | 2001151511 | 中教(第二批第二书库)/山东中教(第二书库)/2684/ [索取号:TG54/3] | 在馆 | |
| 11 | 2001151512 | 2001151512 | 中教(第二批第二书库)/山东中教(第二书库)/2684/ [索取号:TG54/3] | 在馆 | |
| 12 | 2001151513 | 2001151513 | 中教(第二批第二书库)/山东中教(第二书库)/2684/ [索取号:TG54/3] | 在馆 | |
| 13 | 2001151514 | 2001151514 | 中教(第二批第二书库)/山东中教(第二书库)/2684/ [索取号:TG54/3] | 在馆 | |
| 14 | 2001151515 | 2001151515 | 中教(第二批第二书库)/山东中教(第二书库)/2684/ [索取号:TG54/3] | 在馆 | |
| 15 | 2001151516 | 2001151516 | 中教(第二批第二书库)/山东中教(第二书库)/2684/ [索取号:TG54/3] | 在馆 | |
| 16 | 2001151517 | 2001151517 | 中教(第二批第二书库)/山东中教(第二书库)/2684/ [索取号:TG54/3] | 在馆 | |
| 17 | 2001151518 | 2001151518 | 中教(第二批第二书库)/山东中教(第二书库)/2684/ [索取号:TG54/3] | 在馆 | |
| 18 | 2001151519 | 2001151519 | 中教(第二批第二书库)/山东中教(第二书库)/2684/ [索取号:TG54/3] | 在馆 | |
| 19 | 2001151520 | 2001151520 | 中教(第二批第二书库)/山东中教(第二书库)/2684/ [索取号:TG54/3] | 在馆 | |
| 20 | 2001151521 | 2001151521 | 中教(第二批第二书库)/山东中教(第二书库)/2684/ [索取号:TG54/3] | 在馆 | |
| 21 | 2001151522 | 2001151522 | 中教(第二批第二书库)/山东中教(第二书库)/2684/ [索取号:TG54/3] | 在馆 | |
| 22 | 2001151523 | 2001151523 | 中教(第二批第二书库)/山东中教(第二书库)/2684/ [索取号:TG54/3] | 在馆 | |
| 23 | 2001151524 | 2001151524 | 中教(第二批第二书库)/山东中教(第二书库)/2684/ [索取号:TG54/3] | 在馆 | |
| 24 | 2001151525 | 2001151525 | 中教(第二批第二书库)/山东中教(第二书库)/2684/ [索取号:TG54/3] | 在馆 | |
| 25 | 2001151526 | 2001151526 | 中教(第二批第二书库)/山东中教(第二书库)/2684/ [索取号:TG54/3] | 在馆 | |
| 26 | 2001151527 | 2001151527 | 中教(第二批第二书库)/山东中教(第二书库)/2684/ [索取号:TG54/3] | 在馆 | |
| 27 | 2001151528 | 2001151528 | 中教(第二批第二书库)/山东中教(第二书库)/2684/ [索取号:TG54/3] | 在馆 | |
| 28 | 2001151529 | 2001151529 | 中教(第二批第二书库)/山东中教(第二书库)/2684/ [索取号:TG54/3] | 在馆 | |
| 29 | 2001151530 | 2001151530 | 中教(第二批第二书库)/山东中教(第二书库)/2684/ [索取号:TG54/3] | 在馆 | |
| 30 | 2001151531 | 2001151531 | 中教(第二批第二书库)/山东中教(第二书库)/2684/ [索取号:TG54/3] | 在馆 |